书目信息 |
| 题名: |
中外历史年表
|
|
| 作者: | 剪伯赞 主编 ;刘启戈 , 聶崇岐 , 齐思和 编 | |
| 分册: | ||
| 出版信息: | 北京 中华书局 1961.2 |
|
| 页数: | 383页 | |
| 开本: | 20cm | |
| 丛书名: | ||
| 单 册: | ||
| 中图分类: | K108 | |
| 科图分类: | ||
| 主题词: | 世界史--历史年表 | |
| 电子资源: | ||
| ISBN: | ||
| 000 | 00737nam0 2200229 45 | |
| 001 | 0312221749 | |
| 005 | 20060724172336.15 | |
| 010 | @b精装@dCNY5.80 | |
| 100 | @a20031222d1961 km y0chiy0120 ea | |
| 101 | @achi | |
| 200 | 1 | @a中外历史年表@AZhong Wai Li Shi Nian Biao@e公元前4500年-公元1918年@EGong Yuan Qian 4500 Nian-Gong Yuan 1918 Nian@f剪伯赞主编@FJian Bo Zan Zhu Bian@g齐思和,刘启戈,聶崇岐编 |
| 210 | @a北京@c中华书局@d1961.2 | |
| 215 | @a383页@d20cm | |
| 517 | @a公元前4500年-公元1918年 | |
| 606 | 0 | @a世界史@x历史年表 |
| 690 | @aK108@v3 | |
| 701 | 0 | @a剪伯赞@4主编 |
| 702 | 0 | @a刘启戈@ALiu Qi Ge@4编 |
| 702 | 0 | @a聶崇岐@AZhe Chong Qi@4编 |
| 702 | 0 | @a齐思和@AQi Si He@4编 |
| 801 | @aCN@bTSTCL@c20060724 | |
| 905 | @dK108@e7 | |
| 中外历史年表:公元前4500年-公元1918年/剪伯赞主编/齐思和,刘启戈,聶崇岐编.-北京:中华书局,1961.2 |
| 383页;20cm |
| ISBN (精装):CNY5.80 |
| ● |
| 相关链接 |
|
|
|
|
正题名:中外历史年表
索取号:K108/7
 
预约/预借
| 序号 | 登录号 | 条形码 | 馆藏地/架位号 | 状态 | 备注 |
| 1 | 0060673 | 001767270 | 密集书库/ [索取号:K108/7] | 在馆 | |
| 2 | 0060674 | 001967660 | 密集书库/ [索取号:K108/7] | 在馆 | |
| 3 | 0089820 | 001416177 | 密集书库/ [索取号:K108/7] | 在馆 | |
| 4 | 0089821 | 000696205 | 第二样本阅览室/ [索取号:K108/7] | 在馆 | |
| 5 | 0152117 | 202379176 | 密集书库/ [索取号:K108/7] | 在馆 | |
| 6 | 0152118 | 002035023 | 密集书库/ [索取号:K108/7] | 在馆 | |
| 7 | 0152119 | 202339576 | 密集书库/ [索取号:K108/7] | 在馆 | |
| 8 | 0152120 | 202378809 | 密集书库/ [索取号:K108/7] | 在馆 | |
| 9 | 0152121 | 001217695 | 密集书库/ [索取号:K108/7] | 在馆 | |
| 10 | 0255274 | 001416266 | 密集书库/ [索取号:K108/7] | 在馆 | |
| 11 | 0255275 | 001416211 | 密集书库/ [索取号:K108/7] | 在馆 | |
| 12 | 0435622 | 204356222 | 密集书库/ [索取号:K108/7] | 在馆 | |
| 13 | 0435986 | 204359862 | 密集书库/ [索取号:K108/7] | 在馆 |